Statistieken voor Top 15 Covid-19 getroffen landen - 14 juli 2021

Klik hier om de quiz te nemen!

Algemene statistieken

  • Deze quiz is 3 keer genomen
  • De gemiddelde score is 20 van 28

Antwoordstatistieken

land% Correct
Argentinië
100%
België
100%
Duitsland
100%
Estland
100%
Frankrijk
100%
India
100%
Italië
100%
Litouwen
100%
Nederland
100%
Polen
100%
Portugal
100%
Rusland
100%
Spanje
100%
Verenigde Staten
100%
Verenigd Koninkrijk
100%
Zweden
100%
Brazilië
50%
Colombia
50%
Indonesië
50%
Iran
50%
Israël
50%
Tsjechië
50%
Turkije
50%
Bahrein
0%
Georgië
0%
Panama
0%
Slovenië
0%
Uruguay
0%

Scoreverdeling

Percentiel versus Aantal Correcte Antwoorden

Procent van Mensen met Elke Score

Uw Scoregeschiedenis

U heeft deze quiz nog niet genomen